Sports Quiz

Random Sports or NHL Quiz

NHL Top Scorers/Team: East (2000s) Quiz Stats

 Plays Quiz Updated Apr 5, 2018

Score 0/150 Timer 17:00
1 Play Today
% Correct
Sidney Crosby
87.1%
Alex Ovechkin
83.3%
Evgeni Malkin
75%
Martin St. Louis
73.7%
Jaromir Jagr
70.3%
Jaromir Jagr
70.3%
Jaromir Jagr
70.3%
Daniel Alfredsson
70%
Mats Sundin
69.2%
Eric Staal
68.4%
Ilya Kovalchuk
68.4%
Vincent Lecavalier
67.1%
Dany Heatley
64.5%
Dany Heatley
64.5%
Mike Richards
63.2%
Brad Richards
63.1%
Zdeno Chara
62.7%
Joe Thornton
61.7%
Jason Spezza
60.9%
Patrik Elias
59.7%
Marc Savard
56%
Marc Savard
56%
Danny Briere
55.3%
Rod Brind'Amour
54.2%
Saku Koivu
54%
Scott Gomez
53.5%
Jeff Carter
52.8%
Mario Lemieux
52.3%
Eric Lindros
51.8%
Alexei Kovalev
50.7%
Alexei Kovalev
50.7%
Thomas Vanek
50.1%
Marian Hossa
49.3%
Marian Hossa
49.3%
Nicklas Backström
48.9%
Alexander Semin
47.2%
Mark Recchi
47.1%
Zach Parise
46.5%
Derek Roy
45.3%
Brian Gionta
44.4%
Simon Gagne
44.4%
Patrice Bergeron
44.1%
Alexei Yashin
42.6%
Sergei Gonchar
42.2%
Sergei Gonchar
42.2%
Tomas Kaberle
42%
Olli Jokinen
41.8%
Ron Francis
40.5%
Mike Green
39.7%
Pavel Bure
39.4%
% Correct
Mark Messier
38.6%
John LeClair
37.5%
Scott Niedermayer
35.7%
Jason Pominville
35.6%
Robert Lang
35.5%
Peter Bondra
34.4%
Brian Leetch
34.2%
Miroslav Satan
34.2%
Miroslav Satan
34.2%
Nathan Horton
34%
Andrei Markov
33.1%
Wade Redden
32.3%
Alexander Mogilny
31.6%
Stephen Weiss
31%
Bryan McCabe
30.4%
Jamie Langenbrunner
29.6%
Jason Blake
29.2%
Ray Whitney
28.9%
Eric Cole
27.5%
Glen Murray
27.4%
Darcy Tucker
26.9%
Mike Fisher
26.5%
Sergei Samsonov
26%
Maxim Afinogenov
25.8%
Gary Roberts
25.5%
Tomas Plekanec
25.2%
Dave Andreychuk
24.7%
Nik Antropov
24.4%
Vyacheslav Kozlov
23.9%
Viktor Kozlov
23.8%
Adam Oates
23.7%
Martin Straka
23.4%
Martin Straka
23.4%
Jeremy Roenick
23.2%
Dan Boyle
22.9%
Martin Havlat
22.7%
Chris Phillips
22.7%
Petr Sykora
21.7%
Brian Rafalski
21.7%
Vaclav Prospal
21%
Mike Knuble
20.4%
Mike Knuble
20.4%
Brian Rolston
20.2%
David Booth
20%
Marco Sturm
19.9%
Todd White
19.8%
Michael Ryder
19.8%
Keith Primeau
19.6%
Tim Connolly
19.6%
Alexei Ponikarovsky
19.2%
% Correct
Michael Nylander
18.5%
John Madden
18.1%
Justin Williams
17.7%
Jay Bouwmeester
17.6%
Sheldon Souray
17.3%
Pavel Kubina
16.9%
Trent Hunter
16.7%
Eric Desjardins
15.7%
Theoren Fleury
15.6%
Cory Stillman
15.6%
Radek Bonk
14.9%
Matt Stajan
14.9%
Jochen Hecht
14.7%
Ruslan Fedotenko
14.6%
Dainius Zubrus
14.2%
Petr Nedved
13.9%
Mike Ribeiro
13.7%
Richard Zednik
13.4%
Jeff O'Neill
13%
Roman Hamrlik
13%
Fredrik Modin
12.4%
P.J. Axelsson
12.2%
J.P. Dumont
11%
Christopher Higgins
11%
Radek Dvorak
10.4%
Sami Kapanen
10.3%
Mark Parrish
10.2%
Patrik Stefan
9.6%
Mariusz Czerkawski
9.5%
Jonas Höglund
9.3%
Mike York
9.3%
Ray Ferraro
9.1%
Sergei Brylin
9%
Patrice Brisebois
8.7%
Ales Kotalik
8.6%
Aleksey Morozov
8.4%
Andrew Brunette
7.7%
Oleg Kvasha
7.5%
Shawn McEachern
7.4%
Shawn Bates
7.2%
Jeff Halpern
7.2%
Jozef Stumpel
7%
Kim Johnsson
6.8%
Jan Hrdina
6.1%
Paul Ranger
5.9%
Sean Hill
5.4%
Kristian Huselius
5.1%
Dave Scatchard
4.1%
Yannick Tremblay
3.9%
Marcus Nilson
2.9%

You're not logged in!

Compare scores with friends on all Sporcle quizzes.
OR
Log In

You Might Also Like...

Show Comments

Extras

Top Quizzes Today


Score Distribution

Your Account Isn't Verified!

In order to create a playlist on Sporcle, you need to verify the email address you used during registration. Go to your Sporcle Settings to finish the process.

Report this User

Report this user for behavior that violates our Community Guidelines.

Details: